000 00538nam a2200193Ia 4500
005 20260120130625.0
008 008 260114s9999 xx 000 0 eng d
020 _a9780199894390
037 _aEBOOK
040 _aCRL
_beng
_cCRL
041 _aeng
_2eng
084 _qCRL
100 _aBrown
_9917233
245 0 _aGlobal Pentecostal and Charismatic Healing
260 _bOxford University PressOxford University Press
_c2011
856 _uhttps://academic.oup.com/book/11445
942 _cEBOOK
999 _c1509138
_d1509138